000 00700nam a2200205Ia 4500
003 GCL
008 140319s9999 xx 000 0 ara d
040 _aGCL /
_cGCL
082 0 4 _aق
_b071.962
_bى ص
100 1 _aلطيفة محمد سالم
245 1 0 _aالصحافة والحركة الوطنية المصرية (1945 - 1952) من ملفات الخارجية البريطانية /
_cلطيفة محمد سالم
260 _a[S.N] :
_bالهيئة المصرية العامة للكتاب ،
_c1987
300 _a221 ص
490 _a
650 0 4 _aالعصر الحديث
650 0 4 _aمصر
650 0 4 _aتاريخ
650 0 4 _aالصحافة المصرية
942 _2ddc
_cBK
999 _c52412
_d52412